Harry Potter Typing Challenge: Magical Creatures Quiz Stats

 Plays Quiz Updated Oct 22, 2015

Challenge
Share
Tweet
Embed
Score 0/38 Timer 01:00
1 Play Today
Type This Typed % Correct
????
100%
????
98.6%
????
97.6%
????
96.9%
????
96.3%
????
96.1%
????
95.7%
????
95.3%
????
94.8%
????
94.4%
????
93.9%
????
93.3%
????
92.6%
????
91.3%
????
89.7%
????
88.4%
????
86.8%
????
85.3%
????
83.5%
Type This Typed % Correct
????
81.5%
????
78.9%
????
76.1%
????
72.4%
????
68.7%
????
62.3%
????
57.2%
????
52.5%
????
47.7%
????
40.1%
????
34.1%
????
28.7%
????
23.4%
????
18.8%
????
14.5%
????
11%
????
8.2%
????
4.4%
????
1.5%

You're not logged in!

Compare scores with friends on all Sporcle quizzes.
Join for Free
OR
Log In

You Might Also Like...

Show Comments

Extras

Top Quizzes Today


Score Distribution

Your Account Isn't Verified!

In order to create a playlist on Sporcle, you need to verify the email address you used during registration. Go to your Sporcle Settings to finish the process.

Report this User

Report this user for behavior that violates our Community Guidelines.

Details: